| 000 | 00932nam a22002417a 4500 | ||
|---|---|---|---|
| 001 | 1789051 | ||
| 003 | AM-YEHGA | ||
| 005 | 20250617164015.0 | ||
| 008 | 210908s1962 ru ||||| |||| 00| 0 rus d | ||
| 040 | _aAM-YeHGA | ||
| 041 | 1 |
_arus _hspa |
|
| 100 | 1 | _aДэлано, Луис Энрике | |
| 245 | 1 | 0 |
_aОльга : _bРоман / _cЛуис Энрике Дэлано; Пер. с испан. и предисл. Ю. Дашкевича. |
| 260 |
_aМосква : _bИзд-во иностр. лит., _c1962. |
||
| 300 |
_a112 с. ; _c20 см. |
||
| 500 | _aДоп. тит. л.: Luis Enrique Délano. La base. Novela. Santiago de Chile, 1958 | ||
| 650 | 1 | 4 | _aЛитература Чили |
| 653 | 0 | _aКоммунисты в Чили (х. л.) | |
| 653 | 0 | _aРеволюционное движение в Чили, 20 в. (х. л.) | |
| 700 | 1 |
_aДашкевич, Ю. _eпер. _4trl |
|
| 942 |
_2udc _cBK |
||
| 090 | _c519812 | ||
| 999 |
_c516269 _d516269 |
||